[Event "BL2 Ost 1213 (Women)"]
[Site "Germany"]
[Date "2012.10.06"]
[Round "1.4"]
[White "Gremer, Kathrin"]
[Black "Schulz, Petra"]
[Result "0-1"]
[WhiteElo "1776"]
[BlackElo "2066"]
[PlyCount "50"]
[EventDate "2012.10.06"]
[EventType "team-tourn"]
[EventRounds "7"]
[EventCountry "GER"]
[SourceTitle "EXT 2018"]
[Source "ChessBase"]
[SourceDate "2017.10.13"]
[SourceVersion "1"]
[SourceVersionDate "2017.10.13"]
[SourceQuality "1"]
[WhiteTeam "Zeulenroda (W)"]
[BlackTeam "Leipzig WBA (W)"]
[WhiteTeamCountry "GER"]
[BlackTeamCountry "GER"]

1. e4 e6 2. d4 d5 3. exd5 exd5 4. Nf3 Bd6 5. c3 Ne7 6. Bg5 Bg4 7. Nbd2 f6 8. Bh4 Nbc6 9. Bb5 Qd7 10. 0-0 g5 11. Bg3 0-0-0 12. Bxd6 Qxd6 13. Qa4 Bxf3 14. Nxf3 h5 15. b4 h4 16. Bxc6 Nxc6 17. b5 Nb8 18. Qxa7 g4 19. Nd2 Qf4 20. Nb3 b6 21. a4 h3 22. Nc5 bxc5 23. b6 hxg2 24. Qxc7+ Qxc7 25. bxc7 gxf1Q+ 0-1

[Event "BL2 Ost 1112 (Women)"]
[Site "Germany"]
[Date "2011.10.29"]
[Round "1.4"]
[White "Neumeyer, Hannelore"]
[Black "Gremer, Kathrin"]
[Result "1-0"]
[WhiteElo "2041"]
[BlackElo "1747"]
[PlyCount "51"]
[EventDate "2011.10.29"]
[EventType "team-tourn"]
[EventRounds "7"]
[EventCountry "GER"]
[SourceTitle "EXT 2013"]
[Source "ChessBase"]
[SourceDate "2012.11.22"]
[SourceVersion "1"]
[SourceVersionDate "2012.11.22"]
[SourceQuality "1"]
[WhiteTeam "Leipzig Lindenau (W)"]
[BlackTeam "Zeulenroda (W)"]
[WhiteTeamCountry "GER"]
[BlackTeamCountry "GER"]

1. d4 d5 2. e4 dxe4 3. Nc3 Nf6 4. f3 exf3 5. Nxf3 Bg4 6. Bc4 e6 7. 0-0 Be7 8. Be3 0-0 9. Qe1 Bxf3 10. Rxf3 Ng4 11. Ne4 Nc6 12. c3 Qd7 13. h3 Nxe3 14. Qxe3 Rad8 15. Raf1 Na5 16. Bd3 Qd5 17. Rg3 g6 18. Nf6+ Bxf6 19. Rxf6 Nc6 20. Qh6 Ne7 21. h4 Nf5 22. Bxf5 exf5 23. h5 Rfe8 24. hxg6 fxg6 25. Rgxg6+ Kh8 26. Qg7# 1-0

[Event "Bayern-ch (Women) 81st"]
[Site "Bad Koenigshofen"]
[Date "2010.08.26"]
[Round "6"]
[White "Gremer, Kathrin"]
[Black "Nieberle, Julia"]
[Result "1/2-1/2"]
[WhiteElo "1680"]
[BlackElo "1553"]
[PlyCount "27"]
[EventDate "2010.08.22"]
[EventType "swiss"]
[EventRounds "9"]
[EventCountry "GER"]
[SourceTitle "EXT 2015"]
[Source "ChessBase"]
[SourceDate "2014.11.20"]
[SourceVersion "1"]
[SourceVersionDate "2014.11.20"]
[SourceQuality "1"]

1. e4 e5 2. Bc4 Bc5 3. d3 Nc6 4. Nf3 h6 5. Be3 Bb6 6. 0-0 d6 7. c3 Bg4 8. Nbd2 Nf6 9. Qc2 0-0 10. b4 Re8 11. a4 d5 12. exd5 Nxd5 13. Bxd5 Qxd5 14. a5 1/2-1/2

[Event "GER-ch (Women)"]
[Site "Gladenbach"]
[Date "2010.07.20"]
[Round "5.2"]
[White "Gremer, Kathrin"]
[Black "Vogel, Heike"]
[Result "0-1"]
[WhiteElo "1743"]
[BlackElo "2127"]
[PlyCount "58"]
[EventDate "2010.07.17"]
[EventType "swiss"]
[EventRounds "7"]
[EventCountry "GER"]
[SourceTitle "EXT 2012"]
[Source "ChessBase"]
[SourceDate "2011.11.24"]
[SourceVersion "1"]
[SourceVersionDate "2011.11.24"]
[SourceQuality "1"]

1. e4 d5 2. exd5 Nf6 3. d4 Nxd5 4. Nf3 Bg4 5. Be2 e6 6. 0-0 Nc6 7. c3 Bd6 8. Bg5 f6 9. Bh4 Nf4 10. Bb5 0-0 11. Bxc6 bxc6 12. Bg3 Rb8 13. b3 Qe8 14. Bxf4 Bxf4 15. h3 Bh5 16. Qd3 Rb5 17. Re1 Qd7 18. Qe4 e5 19. Na3 Rd5 20. dxe5 fxe5 21. Nh2 Bxh2+ 22. Kxh2 Rxf2 23. Nc4 Bf3 24. Qxf3 Rxf3 25. gxf3 Qf5 26. Kg3 Qf4+ 27. Kg2 Rd3 28. Rf1 e4 29. Rae1 exf3+ 0-1